| 000 | 00000nam##2200000za#4500 |
| 001 | 9.662017 |
| 003 | CaOODSP |
| 005 | 20210615120333 |
| 007 | ta |
| 008 | 150407|2000||||xxc||||| f|0| 0 eng|d |
| 020 | |a0-662-65102-2 |
| 040 | |aCaOODSP|beng |
| 041 | |aeng |
| 041 | |afre |
| 043 | |an-cn--- |
| 086 | 1 |aSW21-56/2000 |
| 110 | 1 |aCanada. |bStatus of Women Canada. |
| 245 | 10|aCanadian women making an impact |
| 260 | |aOttawa - Ontario : |bStatus of Women Canada |c2000. |
| 300 | |aEnglish text, 16p. : |billus. ; |c28 cm. |
| 546 | |aBilingual |
| 563 | |aSoftcover |
| 590 | |a00-29|b2000-07-21 |
| 690 | 07|aWomen|2gcpds |
| 690 | 07|aEntrepreneurship|2gcpds |
| 690 | 07|aUnpaid work|2gcpds |
| 776 | 0#|tLes Canadiennes s'affirment : |w(CaOODSP)9.642521 |
| 776 | 0#|tCanadian women - making an impact : |w(CaOODSP)9.698513 |
| 792 | |tLes canadiennes s'affirment |efre|w(CaOODSP)9.662018 |